<?xml version="1.0" encoding="UTF-8"?>
<marc:record xmlns:marc="http://www.loc.gov/MARC21/slim">
   <marc:leader>00000nam a2200000 a 4500</marc:leader>
   <marc:datafield ind1="1" ind2=" " tag="100">
      <marc:subfield code="a">Leitgeb, Anna Maria</marc:subfield>
      <marc:subfield code="4">aut</marc:subfield>
      <marc:subfield code="e">Verfasser/-in</marc:subfield>
   </marc:datafield>
   <marc:datafield ind1=" " ind2=" " tag="653">
      <marc:subfield code="a">Geschichte 1944</marc:subfield>
   </marc:datafield>
   <marc:datafield ind1=" " ind2=" " tag="653">
      <marc:subfield code="a">Schwangere</marc:subfield>
   </marc:datafield>
   <marc:datafield ind1=" " ind2=" " tag="653">
      <marc:subfield code="a">Flucht</marc:subfield>
   </marc:datafield>
   <marc:datafield ind1=" " ind2=" " tag="653">
      <marc:subfield code="a">Fiktionale Darstellung</marc:subfield>
   </marc:datafield>
   <marc:datafield ind1=" " ind2=" " tag="653">
      <marc:subfield code="a">Belletristische Darstellung</marc:subfield>
   </marc:datafield>
   <marc:datafield ind1="0" ind2="0" tag="245">
      <marc:subfield code="a">Der Boden unter den Füßen</marc:subfield>
   </marc:datafield>
   <marc:datafield ind1="0" ind2="0" tag="245">
      <marc:subfield code="b">Roman</marc:subfield>
   </marc:datafield>
   <marc:datafield ind1="0" ind2="0" tag="245">
      <marc:subfield code="c">Anna Maria Leitgeb</marc:subfield>
   </marc:datafield>
   <marc:datafield ind1=" " ind2="1" tag="264">
      <marc:subfield code="a">Bozen</marc:subfield>
      <marc:subfield code="b">Raetia-Club</marc:subfield>
      <marc:subfield code="c">2009</marc:subfield>
   </marc:datafield>
   <marc:datafield ind1="1" ind2=" " tag="520">
      <marc:subfield code="a">Angaben aus der Verlagsmeldung

Der Boden unter den Füßen : Roman / von Anna M Leitgeb

Der Roman erzählt die Geschichte von Moidi und eine Flucht aus Südtirol über den Ozean. Während des Zweiten Weltkrieges verschlägt es das schwangere Bergbauernmädchen mit seiner jüdischen Pflegefamilie nach Amerika, wo die Herbstluft nicht diesen Biss hat wie in den Alpen und die Bäume und Büsche golden und rot an den Zugfenstern vorbeiwehen.

Anna Maria Leitgeb webt die Entwicklung des Mädchens von einem unsicheren Backfisch zu einer emanzipierten Frau in die großen Wechselfälle des Jahrhunderts ein. Dabei spürt sie den Themen Rassendiskriminierung, Tradition und Konvention, in einer sich rasant ändernden, zum Teil auseinanderbrechenden Welt nach. Wie wird es sein, wenn Moidi als Erwachsene in ihre Heimat zurückkehrt und die Späne der Erinnerung auf eine scheinbar unveränderte Gegenwart mit alten Vorurteilen und Schemata fallen?
</marc:subfield>
   </marc:datafield>
   <marc:datafield ind1=" " ind2=" " tag="020">
      <marc:subfield code="a">9788872833230</marc:subfield>
      <marc:subfield code="9">9788872833230</marc:subfield>
   </marc:datafield>
   <marc:datafield ind1=" " ind2=" " tag="041">
      <marc:subfield code="a">ger</marc:subfield>
   </marc:datafield>
   <marc:datafield ind1=" " ind2=" " tag="300">
      <marc:subfield code="a">232 S.</marc:subfield>
   </marc:datafield>
</marc:record>
